Metamorfózy média = Metamorphoses of medium = Métamorphoses du médium : [grafika zo zbierok Slovenskej národnej galérie 1960-2000] /
Uložené v:
| Hlavný autor: | |
|---|---|
| Médium: | Kniha |
| Jazyk: | Slovak French English |
| Vydané: |
Bratislava :
Slovenská národná galéria,
2005
|
| Vydanie: | [1. vyd.] |
| Témy: | |
| ISBN: |
8080591024 (brož.) |
| Fyzický popis: |
[4] s. : il. ; 22 cm |
| Tagy: |
Pridať tag
Žiadne tagy, Buďte prvý kto otaguje tento záznam!
|
Titul je dostupný aj v ... 

MARC
| LEADER | 00000nam a2200000 a 4500 | ||
|---|---|---|---|
| 001 | 000018321 | ||
| 005 | 20060221111140.0 | ||
| 008 | 060109s2005 xo a e 000 0 sloo | ||
| 020 | |a 8080591024 (brož.) | ||
| 040 | |a SVKKK |b slo |c SVKKK |e AACR2 | ||
| 041 | 0 | |a slo |a fre |a eng | |
| 044 | |a xo |c SK | ||
| 072 | 7 | |a 76 |x Grafické umenie. Grafika |2 konspekt | |
| 080 | |a 76 |2 1997 | ||
| 080 | |a (437.6) |2 1997 | ||
| 080 | |a (083.824) |2 1997 | ||
| 100 | 1 | |a Homoľová, Alexandra |4 aut | |
| 245 | 1 | 0 | |a Metamorfózy média = |b Metamorphoses of medium = Métamorphoses du médium : [grafika zo zbierok Slovenskej národnej galérie 1960-2000] / |c [koncepcia výstavy a text Alexandra Homoľová] |
| 246 | 3 | 1 | |a Metamorphoses of medium |
| 246 | 3 | 1 | |a Métamorphoses du médium |
| 250 | |a [1. vyd.] | ||
| 260 | |a Bratislava : |b Slovenská národná galéria, |c 2005 | ||
| 300 | |a [4] s. : |b il. ; |c 22 cm | ||
| 500 | |a Súbežný názov a text angl., franc. | ||
| 500 | |a Údaj o aut. textu prevzatý z tiráže | ||
| 650 | 0 | 7 | |a grafika |z Slovensko |y stor. 20. |2 SVKKKPH |
| 655 | 7 | |a katalógy výstav |2 SVKKKPH | |
| 919 | |a 80-8059-102-4 | ||
| 998 | |a BK | ||
| 090 | |g SCKHL |k Sklad Pribinova prízemie |a IV.194828 |j 974629 |i 2720037831 |s Absenčne | ||